BIBLIOTECA

SENCICO

Manual de plomería (Registro nro. 3543)

Detalles MARC
000 -LEADER
fixed length control field 00699nam a2200205Ia 4500
005 - DATE AND TIME OF LATEST TRANSACTION
control field 20251020182617.0
008 - FIXED-LENGTH DATA ELEMENTS--GENERAL INFORMATION
fixed length control field 200515s9999 xx 000 0 und d
082 ## - DEWEY DECIMAL CLASSIFICATION NUMBER
Classification number SC/696.1/L51
100 ## - MAIN ENTRY--PERSONAL NAME
Personal name LESUR, Luis
245 #0 - TITLE STATEMENT
Title Manual de plomería
260 ## - PUBLICATION, DISTRIBUTION, ETC.
Place of publication, distribution, etc. México, D.F.
260 ## - PUBLICATION, DISTRIBUTION, ETC.
Date of publication, distribution, etc. s.a.
300 ## - PHYSICAL DESCRIPTION
Extent 160
520 ## - SUMMARY, ETC.
Summary, etc. Describe, a través de numerosas ilustraciones, fotografías, diagramas y planos de conexiones, las distintas instalaciones que requiere una casa: sistemas de agua y drenaje, gas, aparatos domésticos, muebles sanitarios y otros, que utilizan tuberías
650 ## - SUBJECT ADDED ENTRY--TOPICAL TERM
Topical term or geographic name entry element INSTALACIONES ELECTRICAS
650 ## - SUBJECT ADDED ENTRY--TOPICAL TERM
Topical term or geographic name entry element MANUALES
650 ## - SUBJECT ADDED ENTRY--TOPICAL TERM
Topical term or geographic name entry element PVC
650 ## - SUBJECT ADDED ENTRY--TOPICAL TERM
Topical term or geographic name entry element TUBERIAS
942 ## - ADDED ENTRY ELEMENTS (KOHA)
Koha item type Libros
Existencias
Fecha de la última vez que lo usaron Pago total Signatura topográfica completa Código de barras Precio efectivo desde Tipo de documento Estado perdido Estado dañado No es para préstamo Retirado Ubicación permanente Ubicación actual Fecha de adquisición
15/05/2020   SC/696.1/L51 Bib-Lima15053543 15/05/2020 Libros         Biblioteca Central Lima Biblioteca Central Lima 15/05/2020